000 00829nam a2200241 a 4500
001 47963
003 BD-RjUL
005 20211209054430.0
008 160811s1965 njua b 000 0 eng
035 _a(BD-RjUL)48082
040 _aDLC
_cDLC
_dDLC
_dBD-RjUL
_beng
041 _aeng
082 _a371.73
_bNEP 1965
100 1 _aNeilson, Neils Peter,
_d1895- [from old catalog]
_9145522
245 1 0 _aProblems in physical education:
_ban introductory course /
_c[by] N.P. Neilson [and] Alice Oakes Bronson.
260 _aEnglewood Cliffs, N.J.,
_bPrentice-Hall,
_c1965
300 _a209 p. :
_billus.
_c24 cm.
504 _aBibliography: p. 203-204.
650 0 _aPhysical education and training.
_9145523
700 1 _aBronson, Alice Oakes,
_ejoint author. [from old catalog]
_9145524
942 _2ddc
_cBK
999 _c47963
_d47963